| 000 | 01340cam a22003254a 4500 | ||
|---|---|---|---|
| 001 | 16088567 | ||
| 003 | OSt | ||
| 005 | 20140310182724.0 | ||
| 008 | 100208s2011 ilua g b 001 0 eng | ||
| 010 | _a 2010003543 | ||
| 020 | _a9781406217605 (hardback) | ||
| 040 |
_aDLC _cDLC _dDLC _dDCL |
||
| 043 | _an-us--- | ||
| 050 | 0 | 0 |
_aPN 4888.B74 _b.D53 2011 |
| 100 | 1 | _aDiConsiglio, John. | |
| 245 | 1 | 4 |
_aThe news never stops / _cJohn DiConsiglio. |
| 260 |
_aChicago, Ill. : _bRaintree, _c2011. |
||
| 300 |
_a56 p. : _bill. (some col.) ; _c24 cm. |
||
| 490 | 0 | _aMastering media | |
| 504 | _aIncludes bibliographical references (p. 54) and index. | ||
| 505 | 0 | _aBreaking news -- Newspapers and magazines change the media world -- Over the airwaves -- Television takes over -- News Net: How the internet is changing Journalism -- Where to now? The future of news -- Major dates in media history. | |
| 521 | _aMC | ||
| 562 | _eFor Circulation. 1 copy in the Collection | ||
| 650 | 0 |
_aJournalism _zUnited States. |
|
| 650 | 0 |
_aBroadcast journalism _zUnited States. |
|
| 906 |
_a7 _bcbc _corignew _d1 _eecip _f20 _gy-gencatlg |
||
| 942 |
_2lcc _cBK _kFOR |
||
| 999 |
_c15379 _d15379 |
||